000 01069nam a2200229Ia 4500
001 20459
003 GE_BSU
008 181216s||||||||xx |||||||||||||| ||und||
040 _cGE_BSU
080 _a811.353.1'36-112
100 _aცხადაძე, ბადრი
245 _aმასდარის წარმოება ძველ ქართულში: აწყმოს ფუძის ისტორიასთან დაკავშირებით
250 _aსაქ. სსრ მეცნ. აკადემია. ენათმეცნიერების ინ-ტი.
260 _aთბილისი
260 _bმეცნიერება
260 _c1984
300 _a248გვ. ; 21სმ.
300 _eბიბლიოგრ.: გვ. 218-245
541 _h7ლ. 70თ.
653 _aმასდარის წარმოება ძველ ქართულში : აწყმოს ფუძის ისტორიასთან დაკავშირებით
942 _cBK
999 _c53416
_d53416